Online Catalogue and eLibrary

McLuhan (Record no. 1091)

MARC details
000 -LEADER
fixed length control field 00423nam a2200181Ia 4500
005 - DATE AND TIME OF LATEST TRANSACTION
control field 20250320043934.0
008 - FIXED-LENGTH DATA ELEMENTS--GENERAL INFORMATION
fixed length control field 240331s9999 xx 000 0 und d
082 ## - DDC Classification
Class No. 302.2
Item Number - Author Mark MIL
DDC Edition Number 320
100 ## - MAIN ENTRY--PERSONAL NAME
Personal name Miller, J
245 #0 - TITLE STATEMENT
Title McLuhan
260 ## - PUBLICATION, DISTRIBUTION, ETC.
Place of publication, distribution, etc. Glasgow,
Name of publisher, distributor, etc. Williams Collins Sons & Co Ltd
Date of publication, distribution, etc. 1971
300 ## - PHYSICAL DESCRIPTION
Extent (e.g. Volumes, Pages etc.) 144 p.,
650 ## - SUBJECT ADDED ENTRY--TOPICAL TERM
Topical term or geographic name entry element Language
650 ## - SUBJECT ADDED ENTRY--TOPICAL TERM
Topical term or geographic name entry element Media
650 ## - SUBJECT ADDED ENTRY--TOPICAL TERM
Topical term or geographic name entry element Literature
650 ## - SUBJECT ADDED ENTRY--TOPICAL TERM
Topical term or geographic name entry element Philosophy
942 ## - Koha item type (Biblio)
Koha item type Books in Stacks (Lending)
Holdings
Lost status Damaged status Collection code Home library Current library Shelving location Date acquired Full call number Accession Number Item type
    Lending WERC Library WERC Library Social Science Cupboard 03/31/2024 302.2 MIL 320 Books in Stacks (Lending)

© WERC Library